[Event "Oberliga Ost B 2023 2024"]
[Site "?"]
[Date "2023.12.03"]
[Round "3.4"]
[Board "1"]
[White "Bethke, Richard"]
[Black "Gloeckler, Christian"]
[Result "0-1"]
[WhiteElo "2354"]
[BlackElo "2344"]
[PlyCount "100"]
[EventDate "2023.10.22"]
[EventType "team-tourn"]
[EventCountry "GER"]
[WhiteTeam "Neuberg SF"]
[BlackTeam "Wiesbadener SV"]
[WhiteTeamCountry "GER"]
[BlackTeamCountry "GER"]

1. e4 c5 2. Nf3 d6 3. d4 cxd4 4. Nxd4 Nf6 5. Nc3 a6 6. Be3 e5 7. Nf3 Be7 8. h3 Be6 9. g4 Qa5 10. Nd2 d5 11. exd5 Nxd5 12. Nc4 Nxe3 13. Nxa5 Nxd1 14. Rxd1 Nc6 15. Nxc6 bxc6 16. Bg2 Rc8 17. Ne4 Rd8 18. Ke2 h5 19. gxh5 Bc4+ 20. Ke1 Bd5 21. Rg1 Rxh5 22. b3 f5 23. Ng3 Rg5 24. h4 Rg6 25. Bxd5 cxd5 26. Ke2 f4 27. Nf5 Rxg1 28. Rxg1 Bf6 29. Nxg7+ Kf7 30. Nf5 Ke6 31. Nh6 Rc8 32. Kd1 Bxh4 33. Rg6+ Kd7 34. Rxa6 Bxf2 35. Ng4 Bd4 36. Nf6+ Kc7 37. Nxd5+ Kb7 38. Rd6 f3 39. Rf6 Rd8 40. c4 e4 41. Rf7+ Kc6 42. Rf4 Re8 43. b4 Kd6 44. b5 Rg8 45. b6 Rg1+ 46. Kc2 Rg2+ 47. Kb3 Rb2+ 48. Ka3 Rb1 49. Rxe4 Bc5+ 50. Ka4 f2 0-1

[Event "Oberliga Ost B 2023 2024"]
[Site "?"]
[Date "2023.12.03"]
[Round "3.4"]
[Board "2"]
[White "Khenkin, Igor"]
[Black "Schaffer, Hendrik"]
[Result "1-0"]
[WhiteElo "2510"]
[BlackElo "2247"]
[PlyCount "73"]
[EventDate "2023.10.22"]
[EventType "team-tourn"]
[EventCountry "GER"]
[WhiteTeam "Wiesbadener SV"]
[BlackTeam "Neuberg SF"]
[WhiteTeamCountry "GER"]
[BlackTeamCountry "GER"]

1. Nf3 Nf6 2. c4 g6 3. Nc3 Bg7 4. e4 d6 5. d4 O-O 6. h3 e5 7. d5 a5 8. g4 Na6 9. Be3 c6 10. Nd2 Bd7 11. Be2 Ne8 12. h4 f5 13. gxf5 gxf5 14. exf5 Bxf5 15. Nde4 Kh8 16. h5 Rg8 17. Bf3 Bf8 18. Qd2 Rc8 19. Ng5 Qe7 20. Be4 Bxe4 21. Ncxe4 cxd5 22. Qxd5 Rc7 23. a3 Nf6 24. Nxf6 Qxf6 25. Ne6 Rc6 26. Nxf8 Qxf8 27. O-O-O Nc7 28. Qe4 Ne6 29. Rhg1 a4 30. Kb1 Qc8 31. Rxg8+ Qxg8 32. Rxd6 Qc8 33. Qxe5+ Kg8 34. Rd1 Rxc4 35. Rg1+ Kf7 36. Qf5+ Ke7 37. Qxh7+ 1-0

[Event "Oberliga Ost B 2023 2024"]
[Site "?"]
[Date "2023.12.03"]
[Round "3.4"]
[Board "3"]
[White "Buchinger, Alexis"]
[Black "Geske, Julian"]
[Result "0-1"]
[WhiteElo "1823"]
[BlackElo "2393"]
[PlyCount "124"]
[EventDate "2023.10.22"]
[EventType "team-tourn"]
[EventCountry "GER"]
[WhiteTeam "Neuberg SF"]
[BlackTeam "Wiesbadener SV"]
[WhiteTeamCountry "GER"]
[BlackTeamCountry "GER"]

1. d4 d5 2. c4 dxc4 3. Nc3 c6 4. e3 b5 5. a4 b4 6. Ne4 Qd5 7. Nd2 Ba6 8. Qc2 Nf6 9. Ngf3 c3 10. bxc3 bxc3 11. Qxc3 Bxf1 12. Nxf1 e6 13. N1d2 Nbd7 14. Ba3 Bxa3 15. Qxa3 c5 16. O-O O-O 17. Rac1 cxd4 18. Nxd4 Rfc8 19. Rc3 Rxc3 20. Qxc3 Nb6 21. Qb4 Qa2 22. Rc1 Nfd5 23. Qa5 Qxa4 24. Qxa4 Nxa4 25. Rc6 Nab6 26. e4 Nf6 27. f3 Nfd7 28. Nc4 Nxc4 29. Rxc4 a5 30. Kf2 Kf8 31. Ke2 a4 32. Rc2 Ke7 33. Kd3 Ne5+ 34. Kc3 g5 35. Kb2 g4 36. Ka3 Rd8 37. Nb5 gxf3 38. gxf3 Nxf3 39. Kxa4 Rd2 40. Rc3 Ng5 41. e5 Rxh2 42. Re3 h5 43. Kb3 h4 44. Nd4 h3 45. Nf3 Nxf3 46. Rxf3 Re2 47. Rxh3 Rxe5 48. Kc4 Rd5 49. Rh7 Rd7 50. Kc5 e5 51. Rh6 f6 52. Rg6 Rd1 53. Rh6 Ke6 54. Kc4 e4 55. Kc3 Ke5 56. Kc2 Rd8 57. Rh7 f5 58. Rf7 e3 59. Re7+ Kf4 60. Re6 Kf3 61. Re7 e2 62. Re5 f4 0-1

[Event "Oberliga Ost B 2023 2024"]
[Site "?"]
[Date "2023.12.03"]
[Round "3.4"]
[Board "4"]
[White "Dubkov, Andrej"]
[Black "Baranyai Molnar, Adam"]
[Result "1-0"]
[WhiteElo "2362"]
[BlackElo "1965"]
[PlyCount "75"]
[EventDate "2023.10.22"]
[EventType "team-tourn"]
[EventCountry "GER"]
[WhiteTeam "Wiesbadener SV"]
[BlackTeam "Neuberg SF"]
[WhiteTeamCountry "GER"]
[BlackTeamCountry "GER"]

1. Nf3 f5 2. d3 d6 3. e4 e5 4. exf5 Ne7 5. d4 e4 6. Nh4 Bxf5 7. Nxf5 Nxf5 8. Qg4 Nxd4 9. Qxe4+ Qe7 10. Bd3 d5 11. Qe3 Nbc6 12. Kd1 Qxe3 13. Bxe3 g6 14. Re1 Kf7 15. Nc3 Bb4 16. a3 Bxc3 17. bxc3 Nf5 18. Bf4 Nd6 19. Rb1 b6 20. Bxd6 cxd6 21. Rb5 Ne7 22. Rb4 g5 23. h4 h6 24. Re3 Raf8 25. hxg5 hxg5 26. Rg4 Rfg8 27. Reg3 Kf6 28. Rf3+ Ke6 29. c4 Rh4 30. cxd5+ Nxd5 31. Rxh4 gxh4 32. Bc4 Rg5 33. Rd3 b5 34. Ba2 a5 35. f4 Rf5 36. Rd4 b4 37. axb4 axb4 38. Ke2 1-0

[Event "Oberliga Ost B 2023 2024"]
[Site "?"]
[Date "2023.12.03"]
[Round "3.4"]
[Board "5"]
[White "Heck, Norbert"]
[Black "Anwesh, Upadhyaya"]
[Result "0-1"]
[WhiteElo "2133"]
[BlackElo "2350"]
[PlyCount "118"]
[EventDate "2023.10.22"]
[EventType "team-tourn"]
[EventCountry "GER"]
[WhiteTeam "Neuberg SF"]
[BlackTeam "Wiesbadener SV"]
[WhiteTeamCountry "GER"]
[BlackTeamCountry "GER"]

1. Nf3 d5 2. d4 Nf6 3. c4 c6 4. Nbd2 Bf5 5. Nh4 Bc8 6. Nhf3 a6 7. e3 Bf5 8. Nh4 Bg4 9. Qb3 Ra7 10. Bd3 e6 11. h3 Bh5 12. Nhf3 Nbd7 13. c5 Bg6 14. Qc2 b6 15. cxb6 Qxb6 16. b3 Be7 17. Bb2 O-O 18. Bxg6 hxg6 19. O-O Rc8 20. Rfc1 a5 21. Qd3 a4 22. Ne5 Nxe5 23. dxe5 Nd7 24. Bd4 c5 25. bxa4 Rca8 26. Rab1 Qd8 27. Bc3 Rxa4 28. Rb7 c4 29. Qd4 Nc5 30. Rb5 Nd3 31. Rcb1 Rxa2 32. e4 Nf4 33. Kf1 dxe4 34. Nxe4 Qxd4 35. Bxd4 Rd8 36. Rb8 Ra8 37. Rxa8 Rxa8 38. Rb7 Nd5 39. g3 Bb4 40. Ke2 c3 41. Kd3 Rc8 42. Kc2 Rc4 43. Rb8+ Bf8 44. Bc5 Rxe4 45. Rxf8+ Kh7 46. Rxf7 Rxe5 47. Bd4 Re2+ 48. Kb3 Rb2+ 49. Ka3 Rb1 50. Rxg7+ Kh6 51. Rg8 c2 52. Rh8+ Kg5 53. h4+ Kf5 54. Bb2 c1=Q 55. Bxc1 Rxc1 56. h5 gxh5 57. Rxh5+ Kf6 58. Rh6+ Kf7 59. Rh7+ Kg6 0-1

[Event "Oberliga Ost B 2023 2024"]
[Site "?"]
[Date "2023.12.03"]
[Round "3.4"]
[Board "6"]
[White "Ochs, Daniel Elias"]
[Black "Eull, Emil"]
[Result "1-0"]
[WhiteElo "2272"]
[BlackElo "2077"]
[PlyCount "77"]
[EventDate "2023.10.22"]
[EventType "team-tourn"]
[EventCountry "GER"]
[WhiteTeam "Wiesbadener SV"]
[BlackTeam "Neuberg SF"]
[WhiteTeamCountry "GER"]
[BlackTeamCountry "GER"]

1. d4 d5 2. c4 e6 3. Nf3 Nf6 4. g3 dxc4 5. Bg2 a6 6. O-O Nc6 7. e3 Bd7 8. Qe2 Bd6 9. Qxc4 O-O 10. Nc3 Qe7 11. e4 e5 12. Bg5 Na5 13. Qd3 Bb5 14. Nxb5 axb5 15. Qxb5 Rfe8 16. Rfd1 c6 17. Qd3 b5 18. Nh4 h6 19. Nf5 Qd8 20. dxe5 Bxe5 21. Qf3 hxg5 22. Rxd8 Raxd8 23. Qe3 Nh7 24. Bf1 g6 25. Nh6+ Kg7 26. Nxf7 Kxf7 27. Qa7+ Re7 28. Qxa5 Rd6 29. a4 Bd4 30. axb5 Rf6 31. Bc4+ Kg7 32. Rf1 g4 33. bxc6 Re5 34. Qd8 Rh5 35. Qxd4 Ng5 36. Qd7+ Kh6 37. Qxg4 Nf3+ 38. Qxf3 Rxf3 39. Be2 1-0

[Event "Oberliga Ost B 2023 2024"]
[Site "?"]
[Date "2023.12.03"]
[Round "3.4"]
[Board "8"]
[White "Nehmert, Ulrich"]
[Black "Muth, Andreas"]
[Result "1-0"]
[WhiteElo "2246"]
[BlackElo "2004"]
[PlyCount "65"]
[EventDate "2023.10.22"]
[EventType "team-tourn"]
[EventCountry "GER"]
[WhiteTeam "Wiesbadener SV"]
[BlackTeam "Neuberg SF"]
[WhiteTeamCountry "GER"]
[BlackTeamCountry "GER"]

1. d4 Nf6 2. c4 c5 3. d5 g6 4. Nc3 d6 5. e4 Bg7 6. Nge2 O-O 7. Ng3 e6 8. Be2 exd5 9. cxd5 Na6 10. h4 h5 11. Bg5 Nc7 12. a4 Rb8 13. O-O a6 14. f4 Qe8 15. e5 dxe5 16. f5 Qd7 17. Bxf6 Bxf6 18. Nge4 Bg7 19. d6 Ne8 20. f6 Bh6 21. Nd5 Qd8 22. Ra3 Be6 23. Ne7+ Kh7 24. Bxh5 Qb6 25. Rg3 c4+ 26. Kh1 Qd4 27. Qc2 Nxd6 28. Bxg6+ Kh8 29. Rd1 Nxe4 30. Bxe4 Qc5 31. Qe2 Rbd8 32. Rxd8 Rxd8 33. Qh5 1-0

[Event "Oberliga Ost B 2023 2024"]
[Site "?"]
[Date "2023.12.03"]
[Round "3.5"]
[Board "1"]
[White "Sadeghi, Behrang"]
[Black "Engers, Felix"]
[Result "1/2-1/2"]
[WhiteElo "2237"]
[BlackElo "2187"]
[PlyCount "27"]
[EventDate "2023.10.22"]
[EventType "team-tourn"]
[EventCountry "GER"]
[WhiteTeam "Homburg Bad SK"]
[BlackTeam "Erfurter SK II"]
[WhiteTeamCountry "GER"]
[BlackTeamCountry "GER"]

1. d4 Nf6 2. Nc3 d5 3. Bf4 g6 4. e3 Bg7 5. h4 h5 6. Nf3 O-O 7. Ne5 c5 8. Qd2 cxd4 9. exd4 Nc6 10. f3 Nd7 11. Nxd5 Ndxe5 12. dxe5 Bf5 13. O-O-O Rc8 14. Ne3 1/2-1/2

[Event "Oberliga Ost B 2023 2024"]
[Site "?"]
[Date "2023.12.03"]
[Round "3.5"]
[Board "2"]
[White "Kosev, Momchil"]
[Black "Lesny, Florian"]
[Result "1/2-1/2"]
[WhiteElo "1887"]
[BlackElo "2202"]
[PlyCount "35"]
[EventDate "2023.10.22"]
[EventType "team-tourn"]
[EventCountry "GER"]
[WhiteTeam "Erfurter SK II"]
[BlackTeam "Homburg Bad SK"]
[WhiteTeamCountry "GER"]
[BlackTeamCountry "GER"]

1. d4 d5 2. c4 e6 3. Nf3 Nf6 4. g3 Be7 5. Bg2 O-O 6. O-O c6 7. Nbd2 Nbd7 8. Qc2 b6 9. e4 dxe4 10. Nxe4 Bb7 11. Rd1 Qc8 12. Bf4 Nxe4 13. Qxe4 Nf6 14. Qe2 Re8 15. Rac1 c5 16. dxc5 Bxc5 17. Ne5 h6 18. b4 1/2-1/2

[Event "Oberliga Ost B 2023 2024"]
[Site "?"]
[Date "2023.12.03"]
[Round "3.5"]
[Board "3"]
[White "Lenz, Jonas"]
[Black "Seinsoth, Paul"]
[Result "1-0"]
[WhiteElo "2138"]
[BlackElo "1795"]
[PlyCount "87"]
[EventDate "2023.10.22"]
[EventType "team-tourn"]
[EventCountry "GER"]
[WhiteTeam "Homburg Bad SK"]
[BlackTeam "Erfurter SK II"]
[WhiteTeamCountry "GER"]
[BlackTeamCountry "GER"]

1. d4 Nf6 2. c4 g6 3. g3 Bg7 4. Bg2 O-O 5. Nc3 c5 6. d5 d6 7. Nf3 e6 8. O-O exd5 9. cxd5 a6 10. a4 Re8 11. Bf4 h6 12. Qc1 Kh7 13. Re1 Nh5 14. e4 Nxf4 15. Qxf4 Qf6 16. e5 dxe5 17. Qxf6 Bxf6 18. Ne4 Kg7 19. Nxc5 b6 20. Nd3 e4 21. Nd2 Bf5 22. Bxe4 Bxe4 23. Rxe4 Nd7 24. Rae1 Rxe4 25. Rxe4 Rc8 26. Rc4 Rxc4 27. Nxc4 Bd4 28. a5 bxa5 29. Nxa5 Kf6 30. Nc4 Nb6 31. Nxb6 Bxb6 32. Kg2 Ke7 33. Ne5 g5 34. Nc4 Bd4 35. g4 a5 36. b3 f6 37. Kf3 Bc3 38. Ke4 Bb4 39. f3 Kf7 40. h3 Be1 41. Nd6+ Kg6 42. Nf5 Bb4 43. d6 Kf7 44. Kd5 1-0

[Event "Oberliga Ost B 2023 2024"]
[Site "?"]
[Date "2023.12.03"]
[Round "3.5"]
[Board "4"]
[White "Krueger, Rainer"]
[Black "Wolf, Ulrich Martin"]
[Result "0-1"]
[WhiteElo "2137"]
[BlackElo "2185"]
[PlyCount "64"]
[EventDate "2023.10.22"]
[EventType "team-tourn"]
[EventCountry "GER"]
[WhiteTeam "Erfurter SK II"]
[BlackTeam "Homburg Bad SK"]
[WhiteTeamCountry "GER"]
[BlackTeamCountry "GER"]

1. Nf3 f5 2. g3 Nf6 3. Bg2 g6 4. O-O Bg7 5. d4 O-O 6. c4 d6 7. Nc3 c6 8. Qc2 Na6 9. a3 Qe8 10. Re1 e5 11. e4 f4 12. b4 Nh5 13. dxe5 Bg4 14. Rf1 Qe6 15. Ne2 dxe5 16. Bb2 Rad8 17. Qc3 Rd7 18. Rad1 Re7 19. c5 Nc7 20. a4 Ne8 21. Rd8 h6 22. b5 Ref7 23. Ra8 cxb5 24. axb5 Nc7 25. Rxf8+ Rxf8 26. Qa5 Qb3 27. Qxc7 Qxb2 28. Nc1 Qxb5 29. Nxe5 Bxe5 30. Qxe5 Qe8 31. Qd5+ Qf7 32. Rd1 Bxd1 0-1

[Event "Oberliga Ost B 2023 2024"]
[Site "?"]
[Date "2023.12.03"]
[Round "3.5"]
[Board "5"]
[White "Kaliski, Erwin"]
[Black "Ruether, Rudolf"]
[Result "1-0"]
[WhiteElo "2192"]
[BlackElo "2074"]
[PlyCount "47"]
[EventDate "2023.10.22"]
[EventType "team-tourn"]
[EventCountry "GER"]
[WhiteTeam "Homburg Bad SK"]
[BlackTeam "Erfurter SK II"]
[WhiteTeamCountry "GER"]
[BlackTeamCountry "GER"]

1. e4 e6 2. d4 d5 3. Nd2 dxe4 4. Nxe4 Nd7 5. Nf3 Ngf6 6. Ng3 Be7 7. Bd3 O-O 8. O-O c5 9. b3 b6 10. Re1 Bb7 11. Qe2 cxd4 12. Nxd4 Nd5 13. Bd2 N7f6 14. Rad1 Qc7 15. Nh5 a6 16. c4 Nb4 17. Nxf6+ Bxf6 18. Bxb4 Bxd4 19. Bxf8 Rxf8 20. Bxh7+ Kxh7 21. Rxd4 Kg8 22. Red1 Bc6 23. Qd3 e5 24. Rd8 1-0

[Event "Oberliga Ost B 2023 2024"]
[Site "?"]
[Date "2023.12.03"]
[Round "3.5"]
[Board "6"]
[White "Sunderbrink, Heino"]
[Black "Schmidt, Walter"]
[Result "1/2-1/2"]
[WhiteElo "1952"]
[BlackElo "2205"]
[PlyCount "38"]
[EventDate "2023.10.22"]
[EventType "team-tourn"]
[EventCountry "GER"]
[WhiteTeam "Erfurter SK II"]
[BlackTeam "Homburg Bad SK"]
[WhiteTeamCountry "GER"]
[BlackTeamCountry "GER"]

1. Nf3 d5 2. c4 c6 3. b3 Nf6 4. Bb2 Bf5 5. g3 h6 6. Bg2 Nbd7 7. O-O e6 8. d3 Be7 9. Nbd2 O-O 10. a3 a5 11. Rc1 Bh7 12. h3 Re8 13. Re1 Bf8 14. d4 Ne4 15. e3 Be7 16. Qe2 Bf6 17. Red1 Qe7 18. Nxe4 Bxe4 19. Nd2 Bxg2 1/2-1/2

[Event "Oberliga Ost B 2023 2024"]
[Site "?"]
[Date "2023.12.03"]
[Round "3.5"]
[Board "7"]
[White "Dunsbach, Ralf"]
[Black "Apel, Linus"]
[Result "1/2-1/2"]
[WhiteElo "2074"]
[BlackElo "1503"]
[PlyCount "55"]
[EventDate "2023.10.22"]
[EventType "team-tourn"]
[EventCountry "GER"]
[WhiteTeam "Homburg Bad SK"]
[BlackTeam "Erfurter SK II"]
[WhiteTeamCountry "GER"]
[BlackTeamCountry "GER"]

1. Nf3 Nf6 2. c4 e6 3. g3 d5 4. Bg2 c6 5. b3 Be7 6. Bb2 O-O 7. O-O Nbd7 8. d4 Ne4 9. Nfd2 f5 10. Nxe4 fxe4 11. Qc2 Nf6 12. Nc3 Bd7 13. f3 exf3 14. exf3 c5 15. dxc5 Qc7 16. b4 b6 17. cxd5 exd5 18. Rfe1 Rf7 19. f4 Bc6 20. Rac1 bxc5 21. bxc5 Bxc5+ 22. Kh1 Qb7 23. Ne2 d4 24. Nxd4 Bxg2+ 25. Qxg2 Qxg2+ 26. Kxg2 Bb6 27. Nc6 Nd5 28. Re5 1/2-1/2

[Event "Oberliga Ost B 2023 2024"]
[Site "?"]
[Date "2023.12.03"]
[Round "3.5"]
[Board "8"]
[White "Belin, Anton"]
[Black "Gold, Jan Christian"]
[Result "1/2-1/2"]
[WhiteElo "1746"]
[BlackElo "1932"]
[PlyCount "42"]
[EventDate "2023.10.22"]
[EventType "team-tourn"]
[EventCountry "GER"]
[WhiteTeam "Erfurter SK II"]
[BlackTeam "Homburg Bad SK"]
[WhiteTeamCountry "GER"]
[BlackTeamCountry "GER"]

1. e4 e5 2. Nf3 Nc6 3. Bc4 Nf6 4. d3 Bc5 5. Nc3 h6 6. Be3 Bb6 7. Qd2 d6 8. h3 Na5 9. Bb3 Nxb3 10. axb3 Be6 11. Na4 c5 12. Nxb6 axb6 13. O-O O-O 14. Qe2 b5 15. b4 cxb4 16. b3 Ra3 17. Qd2 Qa5 18. Rxa3 Qxa3 19. Bxh6 gxh6 20. Qxh6 Nh7 21. Ng5 Nxg5 1/2-1/2

[Event "Oberliga Ost B 2023 2024"]
[Site "?"]
[Date "2023.12.03"]
[Round "3.6"]
[Board "1"]
[White "Dolzhykova, Kateryna"]
[Black "Zienert, Richard"]
[Result "1/2-1/2"]
[WhiteElo "2283"]
[BlackElo "2272"]
[PlyCount "42"]
[EventDate "2023.10.22"]
[EventType "team-tourn"]
[EventCountry "GER"]
[WhiteTeam "Oberursel SV"]
[BlackTeam "Marburg SK"]
[WhiteTeamCountry "GER"]
[BlackTeamCountry "GER"]

1. e4 c5 2. Nc3 Nc6 3. Bb5 d6 4. d4 cxd4 5. Qxd4 Bd7 6. Bxc6 Bxc6 7. Nf3 Nf6 8. Bg5 h6 9. Bxf6 gxf6 10. O-O-O Qa5 11. Rhe1 O-O-O 12. Qc4 e6 13. Nd4 Qb6 14. f4 Kb8 15. f5 d5 16. Qd3 e5 17. Nxc6+ bxc6 18. exd5 Bb4 19. Re4 Ka8 20. Rc4 Bxc3 21. Qxc3 Rxd5 1/2-1/2

[Event "Oberliga Ost B 2023 2024"]
[Site "?"]
[Date "2023.12.03"]
[Round "3.6"]
[Board "2"]
[White "Dorst, Johannes"]
[Black "Heinz, Axel"]
[Result "1/2-1/2"]
[WhiteElo "2239"]
[BlackElo "2432"]
[PlyCount "24"]
[EventDate "2023.10.22"]
[EventType "team-tourn"]
[EventCountry "GER"]
[WhiteTeam "Marburg SK"]
[BlackTeam "Oberursel SV"]
[WhiteTeamCountry "GER"]
[BlackTeamCountry "GER"]

1. e4 e5 2. Nf3 Nc6 3. Bb5 a6 4. Bxc6 dxc6 5. O-O Qf6 6. d4 exd4 7. Bg5 Qd6 8. Nxd4 Be7 9. Be3 Nf6 10. f3 O-O 11. Nd2 Qe5 12. Qe1 Bc5 1/2-1/2

[Event "Oberliga Ost B 2023 2024"]
[Site "?"]
[Date "2023.12.03"]
[Round "3.6"]
[Board "3"]
[White "Michaelsen, Nils"]
[Black "Baum, Bernd"]
[Result "0-1"]
[WhiteElo "2394"]
[BlackElo "2207"]
[PlyCount "116"]
[EventDate "2023.10.22"]
[EventType "team-tourn"]
[EventCountry "GER"]
[WhiteTeam "Oberursel SV"]
[BlackTeam "Marburg SK"]
[WhiteTeamCountry "GER"]
[BlackTeamCountry "GER"]

1. d4 d5 2. Nf3 e6 3. Bf4 c5 4. e3 Nc6 5. c3 Nf6 6. Nbd2 Be7 7. Bd3 Nh5 8. Be5 f6 9. Bg3 f5 10. Be5 cxd4 11. exd4 Nf6 12. h3 Nxe5 13. Nxe5 O-O 14. Ndf3 Bd7 15. Qe2 Ne4 16. g4 Rc8 17. gxf5 exf5 18. h4 Be8 19. h5 Qa5 20. Kf1 Qb6 21. Rh3 Rf6 22. Kg2 Rh6 23. Rb1 a6 24. Qc2 Kf8 25. Qb3 Qxb3 26. axb3 Rb6 27. Bc2 Rc7 28. Nd3 Bd6 29. Nfe5 Bf7 30. Ra1 Nd2 31. b4 Nc4 32. f4 Be7 33. Ra5 Nxa5 34. bxa5 Rh6 35. Bd1 Be6 36. Re3 Bf7 37. Nxf7 Kxf7 38. Re5 Bd6 39. Rxd5 Ke6 40. Bb3 Rxh5 41. c4 g5 42. fxg5 Rxg5+ 43. Kf1 Rcg7 44. c5 Rg1+ 45. Kf2 R7g2+ 46. Kf3 Rg3+ 47. Kf2 R1g2+ 48. Kf1 Bc7 49. Re5+ Kf6 50. Re6+ Kg5 51. Re7 Bxa5 52. Rg7+ Kh6 53. Rxb7 Rg1+ 54. Kf2 Bd2 55. Rf7 Be3+ 56. Ke2 R1g2+ 57. Ke1 Rh2 58. Rxf5 Rg1+ 0-1

[Event "Oberliga Ost B 2023 2024"]
[Site "?"]
[Date "2023.12.03"]
[Round "3.6"]
[Board "4"]
[White "Alber, Horst"]
[Black "Margolin, Boris"]
[Result "1/2-1/2"]
[WhiteElo "2232"]
[BlackElo "2384"]
[PlyCount "46"]
[EventDate "2023.10.22"]
[EventType "team-tourn"]
[EventCountry "GER"]
[WhiteTeam "Marburg SK"]
[BlackTeam "Oberursel SV"]
[WhiteTeamCountry "GER"]
[BlackTeamCountry "GER"]

1. Nf3 Nf6 2. g3 c6 3. c4 d5 4. b3 Bf5 5. Bg2 e6 6. O-O Be7 7. Ba3 Nbd7 8. d3 h6 9. Bxe7 Qxe7 10. Nc3 O-O 11. Re1 Bg4 12. Qc2 a5 13. d4 Bf5 14. Qb2 Ne4 15. Nd2 Ndf6 16. Ndxe4 Nxe4 17. Nxe4 Bxe4 18. Bxe4 dxe4 19. Qd2 Qg5 20. Qxg5 hxg5 21. f3 Rfd8 22. Rad1 exf3 23. exf3 Rd6 1/2-1/2

[Event "Oberliga Ost B 2023 2024"]
[Site "?"]
[Date "2023.12.03"]
[Round "3.6"]
[Board "5"]
[White "Weber, Samuel"]
[Black "Rolle, Eric"]
[Result "1/2-1/2"]
[WhiteElo "2222"]
[BlackElo "2135"]
[PlyCount "102"]
[EventDate "2023.10.22"]
[EventType "team-tourn"]
[EventCountry "GER"]
[WhiteTeam "Oberursel SV"]
[BlackTeam "Marburg SK"]
[WhiteTeamCountry "GER"]
[BlackTeamCountry "GER"]

1. e4 Nf6 2. e5 Nd5 3. d4 d6 4. Bc4 c6 5. Qh5 g6 6. Qf3 dxe5 7. dxe5 Bg7 8. Nc3 Be6 9. Nh3 Nd7 10. Bxd5 Bxd5 11. Nxd5 Nxe5 12. Qb3 cxd5 13. Qxb7 O-O 14. O-O Qd6 15. Rd1 e6 16. Qb5 Rfc8 17. Qe2 Nc4 18. c3 Rab8 19. Bf4 e5 20. Bc1 h6 21. b3 Nb6 22. c4 d4 23. f4 Kh7 24. Kh1 Re8 25. fxe5 Bxe5 26. Qf3 f5 27. Bd2 Qf6 28. Rac1 g5 29. Qh5 Kg7 30. Rf1 Bc7 31. Nf2 Nd7 32. h4 Qg6 33. Qxg6+ Kxg6 34. Nh3 Re2 35. Rcd1 f4 36. Ng1 Re4 37. Bc1 Nc5 38. Bb2 d3 39. Ba3 Ne6 40. Rxd3 Nd4 41. Rfd1 Nf5 42. Rd7 Ba5 43. R1d5 Be1 44. h5+ Kf6 45. Bb2+ Ke6 46. Nf3 Bf2 47. Rc7 Ng3+ 48. Kh2 g4 49. Nd4+ Rxd4 50. Bxd4 Nf1+ 51. Kh1 Ng3+ 1/2-1/2

[Event "Oberliga Ost B 2023 2024"]
[Site "?"]
[Date "2023.12.03"]
[Round "3.6"]
[Board "6"]
[White "Duncker, Joachim"]
[Black "Dubiel, Jacek"]
[Result "1/2-1/2"]
[WhiteElo "2148"]
[BlackElo "2378"]
[PlyCount "39"]
[EventDate "2023.10.22"]
[EventType "team-tourn"]
[EventCountry "GER"]
[WhiteTeam "Marburg SK"]
[BlackTeam "Oberursel SV"]
[WhiteTeamCountry "GER"]
[BlackTeamCountry "GER"]

1. d4 Nf6 2. Nf3 e6 3. Bf4 b6 4. e3 Bb7 5. Bd3 g6 6. O-O Bg7 7. c4 d6 8. h3 Nbd7 9. Nc3 Qe7 10. Bh2 e5 11. Be2 e4 12. Nd2 O-O 13. a4 a5 14. Qc2 Rfe8 15. Nb5 Rec8 16. Rab1 Ne8 17. Nc3 Nef6 18. Nb5 Ne8 19. Na3 Nef6 20. Nb5 1/2-1/2

[Event "Oberliga Ost B 2023 2024"]
[Site "?"]
[Date "2023.12.03"]
[Round "3.6"]
[Board "7"]
[White "Schlamp, Robert"]
[Black "Nekhamkis, Genadi"]
[Result "1-0"]
[WhiteElo "2267"]
[BlackElo "2037"]
[PlyCount "93"]
[EventDate "2023.10.22"]
[EventType "team-tourn"]
[EventCountry "GER"]
[WhiteTeam "Oberursel SV"]
[BlackTeam "Marburg SK"]
[WhiteTeamCountry "GER"]
[BlackTeamCountry "GER"]

1. d4 f5 2. c4 Nf6 3. Nc3 d6 4. Bg5 Nbd7 5. Nf3 g6 6. g3 Bg7 7. Bg2 c6 8. O-O O-O 9. Qc2 h6 10. Bf4 Qe8 11. Rad1 Nb6 12. b3 g5 13. Bc1 e5 14. dxe5 dxe5 15. Ba3 Rf7 16. Bd6 Nh7 17. c5 Nd7 18. Nd2 Ndf8 19. Nc4 Ng6 20. b4 Be6 21. Na5 a6 22. Rd2 e4 23. Rfd1 Nf6 24. Nb3 Ng4 25. e3 N4e5 26. Nd4 Bd7 27. Na4 Nd3 28. a3 Rd8 29. Nb6 Nge5 30. Bc7 Rc8 31. Nxc8 Bxc8 32. Bxe5 Bxe5 33. Bf1 f4 34. Bxd3 fxe3 35. fxe3 Bxd4 36. exd4 exd3 37. Qxd3 Bf5 38. Qe2 Qd7 39. Re1 Kh7 40. Qe5 Bh3 41. Rf2 Rxf2 42. Kxf2 Qf7+ 43. Kg1 Qa2 44. Qe4+ Kg7 45. g4 Qf7 46. Qe5+ Kh7 47. Qe7 1-0

[Event "Oberliga Ost B 2023 2024"]
[Site "?"]
[Date "2023.12.03"]
[Round "3.6"]
[Board "8"]
[White "Zenker, Othmar"]
[Black "Yavorovsky, Valeriy"]
[Result "0-1"]
[WhiteElo "1881"]
[BlackElo "2342"]
[PlyCount "236"]
[EventDate "2023.10.22"]
[EventType "team-tourn"]
[EventCountry "GER"]
[WhiteTeam "Marburg SK"]
[BlackTeam "Oberursel SV"]
[WhiteTeamCountry "GER"]
[BlackTeamCountry "GER"]

1. e4 e6 2. d4 d5 3. exd5 exd5 4. Nf3 Bd6 5. c4 Nf6 6. Nc3 dxc4 7. Bxc4 O-O 8. O-O Nc6 9. h3 h6 10. a3 Bf5 11. Re1 a6 12. b4 Re8 13. Be3 Qd7 14. b5 Na5 15. Bf1 axb5 16. Nxb5 Nd5 17. Nxd6 Qxd6 18. Ne5 c6 19. Qf3 Be6 20. Bxh6 Qf8 21. Bd2 Red8 22. Reb1 Qe7 23. Bd3 Nf6 24. Bb4 Qc7 25. Bc5 Nb3 26. Rxb3 Bxb3 27. Rb1 Bd5 28. Qe2 b5 29. Ng4 Nxg4 30. Qxg4 Qd7 31. Qg5 Re8 32. Qh4 g6 33. Qf4 Re6 34. h4 Qd8 35. Qg3 Qf6 36. h5 Rae8 37. hxg6 fxg6 38. Rf1 Kg7 39. Qc7+ Kg8 40. Qg3 Be4 41. Rd1 Bxd3 42. Rxd3 Re1+ 43. Kh2 Qh8+ 44. Qh3 Qxh3+ 45. Rxh3 Rd1 46. Rf3 Kg7 47. Kg3 Rd2 48. Rf4 g5 49. Rf3 Kg6 50. Rc3 Re6 51. Rf3 Rf6 52. Rxf6+ Kxf6 53. Kf3 Rc2 54. g4 Ke6 55. Ke3 Kd5 56. f3 Rc3+ 57. Ke2 Rb3 58. Kf2 Kc4 59. Ke2 Rb1 60. Ke3 Re1+ 61. Kf2 Re6 62. Kf1 Kd3 63. Kf2 Re2+ 64. Kg3 Kc4 65. Kh3 Kc3 66. Kg3 Kd3 67. Bb6 Re8 68. Kf2 Re2+ 69. Kg3 Kc4 70. Bc5 Kb3 71. Kh3 Rd2 72. Kg3 Kc4 73. Bd6 Kb3 74. Bc5 Kc2 75. Bb6 Kd1 76. Bd8 Ke2 77. Bxg5 Rd3 78. Be7 Rxf3+ 79. Kh4 Rf4 80. Kg3 Rxd4 81. g5 Re4 82. Bf6 Re3+ 83. Kf4 Rxa3 84. g6 Rf3+ 85. Ke5 Kd3 86. g7 Rg3 87. Kd6 Rg6 88. Kc5 Kc2 89. Kb4 Kd3 90. Kc5 Ke4 91. Bb2 Kd3 92. Bf6 Kd2 93. Kb4 Kc2 94. Ba1 Rg4+ 95. Kc5 b4 96. g8=Q Rxg8 97. Kxb4 Rg5 98. Kc4 Rd5 99. Bf6 Kd1 100. Bg7 Ke2 101. Bf6 Ke3 102. Bg7 Ke4 103. Bf6 Kf5 104. Bg7 Ke6 105. Bb2 Rh5 106. Ba3 Kd7 107. Bc1 Kc7 108. Be3 Rh4+ 109. Kc5 Rh3 110. Bf2 Rc3+ 111. Kb4 Rc2 112. Be3 Kd6 113. Kb3 Re2 114. Bf4+ Kd5 115. Kc3 c5 116. Kd3 Rf2 117. Bh6 Rf3+ 118. Kc2 Kc4 0-1